NLSUI OPAC header image

Barefoot across the nation : (Record no. 213723)

MARC details
000 -LEADER
fixed length control field 04241cam a22003974a 4500
001 - CONTROL NUMBER
control field 16397732
005 - DATE AND TIME OF LATEST TRANSACTION
control field 20250807124112.0
008 - FIXED-LENGTH DATA ELEMENTS--GENERAL INFORMATION
fixed length control field 100812s2011 nyu b 001 0 eng
010 ## - LIBRARY OF CONGRESS CONTROL NUMBER
LC control number 2010034416
020 ## - INTERNATIONAL STANDARD BOOK NUMBER
International Standard Book Number 9781138948136 (Paperback)
035 ## - SYSTEM CONTROL NUMBER
System control number 16397732
040 ## - CATALOGING SOURCE
Original cataloging agency DLC
Transcribing agency DLC
043 ## - GEOGRAPHIC AREA CODE
Geographic area code a-ii---
050 00 -
-- ND1010.H85
-- B29 2011
082 00 - DEWEY DECIMAL CLASSIFICATION NUMBER
Classification number 759.954
Edition number 22
245 00 - TITLE STATEMENT
Title Barefoot across the nation :
Remainder of title Maqbool Fida Husain and the idea of India /
Statement of responsibility, etc. editor, Sumathi Ramaswamy.
250 ## - EDITION STATEMENT
Edition statement 1st Paperback
260 ## - PUBLICATION, DISTRIBUTION, ETC.
Place of publication, distribution, etc. New York :
Name of publisher, distributor, etc. Routledge,
Date of publication, distribution, etc. 2018.
300 ## - PHYSICAL DESCRIPTION
Extent xxii, 283 pages
Dimensions 14 cm.
336 ## -
-- text
-- txt
-- rdacontent
337 ## -
-- unmediated
-- n
-- rdamedia
338 ## -
-- volume
-- nc
-- rdacarrier
365 ## - TRADE PRICE
Price amount Rs. 5617.00
490 0# - SERIES STATEMENT
Series statement Visual and media histories
504 ## - BIBLIOGRAPHY, ETC. NOTE
Bibliography, etc. note Includes bibliographical references and index.
505 0# - Contents
Contents Introduction: barefoot across India: an artist and his country / Sumathi Ramaswamy -- Modernist myths and the exile of Maqbool Fida Husain / Geeta Kapur -- Art on trial: civilisation and religion in the persona and painting of M.F. Husain / David Gilmartin & Barbara D. Metcalf -- Mapping India after Husain / Sumathi Ramaswamy -- Secret histories of Indian modernism: M.F. Husain as Indian Muslim artist / Ananya Jahanara Kabir -- Of M.F. Husain and an impossible love / Veena Das -- "I am an Indian and a painter, that is all": intention and the secular subject in contemporary India / Karin Zitzewitz -- Defending Husain in the public sphere: the Sahmat experience / Ram Rahman -- Fault-lines in a national edifice: on the rights and offences of contemporary Indian art / Tapati Guha-Thakurta -- Taking and making offence: Husain and the politics of desecration / Kajri Jain -- The bliss of Madhuri: Husain and his muse / Patricia Uberoi -- Viewed from across the globe: the art of M.F. Husain / Susan S. Bean -- Barefoot across the nation -- A metaphysical secularist? decoding M.F. Husain as a Muslim painter in exile / Bruce B. Lawrence.
520 ## - SUMMARY, ETC.
Summary, etc. This book is the first inter-disciplinary engagement with the work of Maqbool Fida Husain, arguably India’s most iconic contemporary artist today, whose life and work are intimately entangled with the career of independent India as a democratic, secular and multi-ethnic nation. For more than half a century, and across thousands of canvases, Husain has painted individuals and objects, events and incidents that offer an astonishing visual chronicle of India through the ages.<br/><br/>The 13 articles in this volume – written by distinguished artists, curators, anthropologists, historians, art historians and critics, sociologists and scholars of post-colonial literature and religion – critically examine the artistic statement that Husain has presented on the self, community and nation through his oeuvre. It engages with the controversies that have erupted around and about Husain’s work, and situates them in debates around the freedom of the artist versus the sentiments of the community, between ‘virtue’ and ‘obscenity’, between an ‘elite’ of intellectuals and the ‘common man’, and between a ‘work of art’ and a ‘religious icon’. Correspondingly it considers how India has responded to Husain: with affection, admiration and adulation on the one hand, and hostility and rejection on the other.<br/><br/>This book is more relevant than ever before in light of the debates that have arisen over Husain’s self-imposed exile for the last few years following a spate of violent attacks on his home and exhibitions in India, and his recent decision to forfeit his Indian citizenship.<br/><br/>It will be of interest to those studying art history, sociology, anthropology, cultural studies, and politics, as well as to a wide spectrum of readers interested in contemporary issues of identity and nationhood.
600 10 - SUBJECT ADDED ENTRY--PERSONAL NAME
Personal name Husain, Maqbul Fida
General subdivision Criticism and interpretation.
650 #0 - SUBJECT ADDED ENTRY--TOPICAL TERM
Topical term or geographic name entry element Art and society
Geographic subdivision India.
700 1# - ADDED ENTRY--PERSONAL NAME
Personal name Husain, Maqbul Fida.
700 1# - ADDED ENTRY--PERSONAL NAME
Personal name Ramaswamy, Sumathi.
906 ## - LOCAL DATA ELEMENT F, LDF (RLIN)
a 0
b ibc
c orignew
d 1
e ecip
f 20
g y-gencatlg
942 ## - ADDED ENTRY ELEMENTS (KOHA)
Source of classification or shelving scheme Dewey Decimal Classification
Koha item type BOOKs
Holdings
Withdrawn status Lost status Source of classification or shelving scheme Materials specified (bound volume or other part) Damaged status Not for loan Home library Current library Shelving location Date acquired Source of acquisition Cost, normal purchase price Total Checkouts Full call number Barcode Date last seen Price effective from Koha item type Public note
    Dewey Decimal Classification PB     NLS NLS General Stacks 07/08/2025 Purchased - Educational Supplies 5617.00   759.954 RAM 40307 07/08/2025 07/08/2025 BOOKs Recommended by Ms. Madhavi Shukla